Documentos para la historia de la revolución de Chile: La muerte de Balmaceda i el Ministro arjentino Uriburu. Los saqueos de Santiago
Guardado en:
| Autores principales: | , |
|---|---|
| Formato: | Libro |
| Lenguaje: | español |
| Publicado: |
Ciudad de Panamá
Imprenta de El Globo
1894
|
| Edición: | 1a. ed |
| Materias: | |
| Etiquetas: |
Agregar Etiqueta
Sin Etiquetas, Sea el primero en etiquetar este registro!
|
MARC
| LEADER | 00000nam a2200000 a 4500 | ||
|---|---|---|---|
| 001 | UCJ5178 | ||
| 003 | CL-VaPUC | ||
| 008 | 070124e18940000pn |||||||||||||||||spa|d | ||
| 082 | 0 | 4 | |a 983 |b URI |2 21 |
| 100 | 0 | |a Uriburu, José E |e author |9 510022 | |
| 700 | 0 | |a Rozas, Ramón Ricardo |e author |9 510023 | |
| 245 | 1 | 0 | |a Documentos para la historia de la revolución de Chile: La muerte de Balmaceda i el Ministro arjentino Uriburu. Los saqueos de Santiago |
| 250 | |a 1a. ed | ||
| 300 | |a 47 p | ||
| 942 | |c BK | ||
| 945 | |d 20070124 00:00:00 |a rinostro | ||
| 260 | |a Ciudad de Panamá |b Imprenta de El Globo |c 1894 | ||
| 500 | |a Empastado en un volumen rotulado Varios sobre revolución de 1891; ubicación 983 BAL | ||
| 600 | 0 | |a Balmaceda Fernández, José Manuel, |d 1840-1891 |9 315369 | |
| 650 | 7 | |a GUERRA CIVIL DE 1891 |2 CL-VaPUC |9 408173 | |
| 650 | 0 | |a Presidentes de Chile |9 268293 | |
| 650 | 7 | |a DOCUMENTOS |2 CL-VaPUC |9 366450 | |
| 650 | 7 | |a FUENTES |2 CL-VaPUC |9 255666 | |
| 650 | 0 | |a Historia de Chile |9 265473 | |
| 583 | |a last modification |c 20150511 05:55:52 |k Rodrigo Vera | ||
| 999 | |c 321291 |d 321289 | ||
| 952 | |0 0 |1 0 |4 0 |6 983_000000000000000_URI_1894 |7 0 |8 X |9 399993 |a FDOBUD |b FDOBUD |d 2019-11-22 |i 1021931 |o 983 URI 1894 |p 1021931 |r 2019-11-22 |w 2019-11-22 |y BK_X |k BUD | ||